| 000 | 01119cam a2200325 a 4500 | ||
|---|---|---|---|
| 999 |
_c173370 _d173370 |
||
| 001 | 3316561 | ||
| 003 | Nust | ||
| 005 | 20180723113136.0 | ||
| 008 | 841030t19851939nyu 000 1 eng | ||
| 010 | _a 84072786 | ||
| 020 |
_a9780007282319 _cRs. 260 |
||
| 038 | _aArshad | ||
| 040 |
_aDLC _cDLC _dDLC |
||
| 050 | 0 | 0 |
_aPR6005.H66 _bA84 1985 |
| 082 | 0 | 0 |
_a823.912 _bCHR |
| 100 | 1 |
_aChristie, Agatha, _d1890-1976. _92976 |
|
| 245 | 1 | 0 |
_aAnd then there were none / _cAgatha Christie. |
| 250 | _a1st ed. | ||
| 260 |
_aNew York : _bDodd, Mead, _c1939. |
||
| 300 |
_a318 p. ; _c22 cm. |
||
| 500 | _a"Originally published in England under the title Ten little Niggers": T.p. verso. | ||
| 650 | 0 |
_aMurder victims _vFiction. _911949 |
|
| 650 | 0 |
_aMillionaires _vFiction. _911950 |
|
| 650 | 0 |
_aIslands _vFiction. _911097 |
|
| 651 | 0 |
_aDevon (England) _vFiction. _911951 |
|
| 655 | 7 |
_aDetective and mystery stories. _2gsafd _92977 |
|
| 856 | 4 | 2 |
_3Contributor biographical information _uhttp://www.loc.gov/catdir/enhancements/fy1209/84072786-b.html |
| 906 |
_a7 _bcbc _corignew _d1 _eopcn _f19 _gy-gencatlg |
||
| 942 |
_2ddc _cBK |
||